00338cam a22001217a 4500008004000000082001500040100002400055245006300079260003100142300001000173650001300183650002000196180718bn.d. xxu||||| |||| 00| 0 eng d aZ211 K897b aKrishnamurthy, K.H. aBael, wood apple, lemons and castorcby K.H. Krishnamurthy aDelhibBooks For Allcn.d. a112p. aMedicine aFamily medicine